书目信息 |
| 题名: |
鲁迅文集
|
|
| 作者: | 鲁迅 著 ;黄乔生 编 | |
| 分册: | 上 书信 | |
| 出版信息: | 石家庄 河北人民出版社 2019.11 |
|
| 页数: | 317页 | |
| 开本: | 21cm | |
| 丛书名: | ||
| 单 册: | ||
| 中图分类: | I210.2 , I210.7 | |
| 科图分类: | ||
| 主题词: | 鲁迅著作--lu xun zhu zuo--作品集 , 鲁迅书简--lu xun shu jian--书信集 | |
| 电子资源: | ||
| ISBN: | 978-7-202-14287-5 | |
| 000 | 00881nam0 2200277 450 | |
| 001 | 2161418136 | |
| 005 | 20211003082316.90 | |
| 010 | @a978-7-202-14287-5@dCNY66.50(全6册399.00) | |
| 100 | @a20200805d2019 em y0chiy0120 ea | |
| 101 | 0 | @achi |
| 102 | @aCN@b130000 | |
| 105 | @aa z 000ey | |
| 106 | @ar | |
| 200 | 1 | @a鲁迅文集@Alu xun wen ji@i书信@h上@dThe collected works of Luxun@iLetters@f鲁迅著@g黄乔生编@zeng |
| 210 | @a石家庄@c河北人民出版社@d2019.11 | |
| 215 | @a317页@c照片,图@d21cm | |
| 510 | 1 | @aCollected works of Luxun@iLetters@zeng |
| 517 | 1 | @a书信@Ashu xin |
| 606 | 0 | @a鲁迅著作@Alu xun zhu zuo@x作品集 |
| 606 | 0 | @a鲁迅书简@Alu xun shu jian@x书信集 |
| 690 | @aI210.2@v5 | |
| 690 | @aI210.7@v5 | |
| 701 | 0 | @a鲁迅@Alu xun@4著 |
| 702 | 0 | @a黄乔生@Ahuang qiao sheng@4编 |
| 801 | 0 | @aCN@b百万庄@c20210927 |
| 905 | @b1301947-49@dI210.2@e445:1(1)@f3 | |
| 鲁迅文集.书信.上=The collected works of Luxun.Letters/鲁迅著/黄乔生编.-石家庄:河北人民出版社,2019.11 |
| 317页:照片,图;21cm |
| ISBN 978-7-202-14287-5:CNY66.50(全6册399.00) |
| ● |
| 相关链接 |
|
|
|
|
正题名:鲁迅文集
索取号:I210.2/445:1(1)
 
预约/预借
| 序号 | 登录号 | 条形码 | 馆藏地/架位号 | 状态 | 备注 |
| 1 | 1301947 | 213019473 | 第一样本阅览室/ [索取号:I210.2/445:1(1)] | 在馆 | |
| 2 | 1301948 | 213019482 | 第二借阅区/ [索取号:I210.2/445:1(1)] | 在馆 | |
| 3 | 1301949 | 213019491 | 第二借阅区/ [索取号:I210.2/445:1(1)] | 在馆 |